Szczegóły MARC21

Nowy przewodnik po Unii Europejskiej /

003 -Nazwa inst., której nr kontr. jest w polu 001 [,]
    • @
    • Nazwa instytucji, której n kontrolny jest w polu 001
    • NUKAT
005 -DATA I CZAS OSTATNIEJ MODYFIKACJI [,]
    • @
    • pole kontrolne
    • 20241231093943.0
020 -Międzynarod. znormalizowany nr książki - ISBN [ , ]
    • a
    • Numer ISBN
    • 8305132366 Find
040 -Instytucja sporządzająca opis [ , ]
    • a
    • Instytucja, która sporządziła opis (NP)
    • WA U/98AST
    • c
    • Instytucja, która sporządziła rekord (NP)
    • WA U/AST
    • d
    • Instytucja, która zmodyfikowała rekord (P)
    • WA U/98ZS
    • d
    • Instytucja, która zmodyfikowała rekord (P)
    • KR U/mal
    • d
    • Instytucja, która zmodyfikowała rekord (P)
    • WA U/PE
    • d
    • Instytucja, która zmodyfikowała rekord (P)
    • WR O/DSs
    • d
    • Instytucja, która zmodyfikowała rekord (P)
    • WR U/jlk
041 -Język dokumentu [1, ]
    • a
    • Język tekstu (P)
    • polski
    • h
    • Język tekstu oryginalnego i/lub pośredniego (P)
    • angielski
942 -Rodzaj dokumentu [ , ]
    • c
    • Rodzaj dokumentu
    • Książka
100 -Hasło główne - nazwa osobowa [1, ]
    • a
    • Nazwa osobowa (NP)
    • Blair, Alasdair
    • d
    • Daty biograficzne (NP)
    • (1971- ).
    • 9
    • KHW
    • 701860
240 -Tytuł ujednolicony [1,0]
    • a
    • Tytuł ujednolicony
    • European Union since 1945
    • l
    • Język tekstu
    • (pol.)
    • 9
    • KHW
    • 701861
245 -Strefa tytułu i oznaczenia odpowiedzialności [1,0]
    • a
    • Tytuł
    • Nowy przewodnik po Unii Europejskiej / Find
    • c
    • Pozostałe elementy strefy tytułu i oznaczenia odpowiedzialności (NP)
    • Alasdair Blair ; z ang. przeł. Sandra Wdowik i Ludwik Wdowik ; konsult. nauk. oraz aktualizacja Adam A. Ambroziak.
260 -Strefa adresu wydawniczego [ , ]
    • a
    • Miejsce wydania (P)
    • Warszawa :
    • b
    • Nazwa wydawcy (P)
    • Książka i Wiedza,
    • c
    • Data wydania (P)
    • cop. 2002.
300 -Strefa opisu fizycznego [ , ]
    • a
    • Określenie formy książki i/lub objętość (NP)
    • 383 s. :
    • b
    • Oznaczenie ilustracji (NP)
    • mapy ;
    • c
    • Format (NP)
    • 21 cm.
336 -Typ zawartości [ , ]
    • a
    • Termin opisujący typ zawartości
    • Tekst
    • b
    • Kod określający zawartość
    • txt
    • 2
    • Źródło (terminu i kodu)
    • rdacontent
337 -Typ mediów [ , ]
    • a
    • Tryb odtwarzania
    • Bez urządzenia pośredniczącego
    • b
    • Kod typu mediów
    • n
    • 2
    • Źródło (terminu i kodu)
    • rdamedia
338 -Typ/rodzaj nośnika [ , ]
    • a
    • Hasło opisujące typ nośnika
    • Wolumin
    • b
    • Kod typu nośnika
    • nc
    • 2
    • Źródło (terminu i kodu)
    • rdacarrier
504 -Uwaga dot. bibliogr. załącznikowej [ , ]
    • a
    • Uwaga dot. bibliografii załącznikowej
    • Bibliogr. s. 371-383.
080 -Uniwersalna Klasyfikacja Dziesiętna [ , ]
    • a
    • Symbol klasyfikacji
    • 061.1(4-67)
080 -Uniwersalna Klasyfikacja Dziesiętna [ , ]
    • a
    • Symbol klasyfikacji
    • :339.923UE
610 -Hasło przedmiotowe w formie nazwy ciała zbiorowego [2,7]
    • a
    • Nazwa ciała zbiorowego lub nazwa geograficzna
    • Unia Europejska
    • v
    • Określnik formalny
    • poradniki.
    • 2
    • Źródło terminu
    • kaba
    • 9
    • KHW
    • 360805
980 -Symbol UKD [ , ]
    • a
    • UKD
    • 061.1(4-67):339.923UE
700 -Hasło dodatkowe - nazwa osobowa [1, ]
    • a
    • Nazwa osobowa (NP)
    • Wdowik, Sandra. Find
    • e
    • Określenie rodzaju współpracy
    • Tł.
    • 9
    • KHW
    • 701858
700 -Hasło dodatkowe - nazwa osobowa [1, ]
    • a
    • Nazwa osobowa (NP)
    • Wdowik, Ludwik. Find
    • e
    • Określenie rodzaju współpracy
    • Tł.
    • 9
    • KHW
    • 701857
700 -Hasło dodatkowe - nazwa osobowa [1, ]
    • a
    • Nazwa osobowa (NP)
    • Ambroziak, Adam A. Find
    • e
    • Określenie rodzaju współpracy
    • Oprac.
    • 9
    • KHW
    • 76214
710 -Hasło dodatkowe - nazwa ciała zbiorowego [2, ]
    • a
    • Nazwa ciała zbiorowego lub nazwa geograficzna jako pierwszy element (NP)
    • Spółdzielnia Wydawniczo-Handlowa "Książka i Wiedza".
    • 4
    • Kod relacji
    • pbl
    • 9
    • KHW
    • 52004
920 -ISBN [ , ]
    • a
    • ISBN
    • 83-05-13236-6 Find
Lokalizacja Data inwentaryzacji Sygnatura Numer inwentarzowy Status udost.
BG2003-01-13 CDE.8661
BG2004-03-23WM.2028WM.2028-3
GW2015-09-11061.1(4-67)GW.2270-3
GW2015-09-11061.1(4-67)GW.2271-3
T2003-02-20 T.7245-2